000 00962nam a2200241 i 4500
001 157514
003 ES-MaACL
005 20250929063225.0
008 940627m18721873fr f |||| | fre d
040 _aCAT
_bspa
_cCAT
_dCCPB
080 _a801.11
100 1 _aLenormant, François,
_d1837-1883
_9128877
245 1 0 _aEssai sur la propagation de l'alphabet phénicien dans l'ancien monde /
_cpar François Lenormant.
260 _aParis :
_bMaisonneuve et Cie,
_c1872.
300 _a2 v. (344 p., XIX h. de làms., [4] h. pleg.; 160+, XXI h. de làms.) ;
_c27 cm.
504 _aReferencias bibliográficas.
596 _aFecha obtenida de BNP.
650 4 _aLengua fenicia-
_xAlfabeto.
_9136359
700 1 _aMaisonneuve
_c, et Cie.
_9129370
752 _aFrancia -
_dParís
852 _aES-MaACL
_jG-7033-34
_z- Enc. hol.
_x- Imp. del t.I, Imprimerie Adolphe Lainé, e imp. del t.II, Imprimerie Georges Chamerot
999 _c157514
_d157514